Lidová škola umění ve Žďáře nad Sázavou : výtvrané oddělení : výstavní síně státního zámku ve Žďáře nad Sázavou II : září až říjen 1967 /

Další autoři: Křížek, Josef, 1922-
Jazyk: Čeština
Vydáno: Žďár nad Sázavou : Okresní vlastivědné muzeum, [ca 1967]
Témata:
Fyzický popis: Nestr., 23 il. na příl.
Knihy
Uloženo v:
LEADER 01132nam a22002172a 4500
001 000147492
003 CZ BrMZK
005 20171109124845.0
007 ta
008 010907s1967 xr f cze d
040 |a BOA001  |b cze  |c BOA002 
245 0 0 |a Lidová škola umění ve Žďáře nad Sázavou :  |b výtvrané oddělení : výstavní síně státního zámku ve Žďáře nad Sázavou II : září až říjen 1967 /  |c Úvodní text Josef Křížek 
260 |a Žďár nad Sázavou :  |b Okresní vlastivědné muzeum,  |c [ca 1967] 
300 |a Nestr., 23 il. na příl. 
700 1 |a Křížek, Josef,  |d 1922-  |7 ola200204134  |4 aut 
910 |a BOA001  |b X-0622.835  |b PK-A-0013.558 
964 |a Žďár nad Sázavou - školy - Lidová škola umění - odbor výtvarný - práce žákovské - výstavy - katalogy 
990 |a BK 
996 6 |b 2618924434  |c X-0622.835  |l MZK  |r Sklad / do 24 hodin  |n 0  |w 000147492  |u 000030  |a 1  |e BOA001  |j MZK50  |s P 
996 7 |b 2618924435  |c X-0622.835  |l MZK  |r Sklad / do 24 hodin  |n 0  |w 000147492  |u 000020  |a 1  |e BOA001  |j MZK50  |s A 
996 7 |b 3119952575  |c PK-A-0013.558  |l MZK  |r Sklad / do 1 hodiny  |n 2  |w 000147492  |u 000010  |a 1  |e BOA001  |j MZK50  |s A